Electronic data processing simplified / (Record no. 841)
| 000 -LEADER | |
|---|---|
| fixed length control field | 00683nam a22001937a 4500 |
| 003 - CONTROL NUMBER IDENTIFIER | |
| control field | OSt |
| 005 - DATE AND TIME OF LATEST TRANSACTION | |
| control field | 20140116120839.0 |
| 008 - FIXED-LENGTH DATA ELEMENTS--GENERAL INFORMATION | |
| fixed length control field | 111214t xxu||||| |||| 00| 0 eng d |
| 050 ## - LIBRARY OF CONGRESS CALL NUMBER | |
| Classification number | QA 76.5 .S25 1991 |
| 100 ## - MAIN ENTRY--PERSONAL NAME | |
| Personal name | Saleemi, N. A. |
| 245 ## - TITLE STATEMENT | |
| Title | Electronic data processing simplified / |
| Statement of responsibility, etc | Nisar Ahmed Saleemi and Patrick Oduor Owino . |
| 260 ## - PUBLICATION, DISTRIBUTION, ETC. (IMPRINT) | |
| Place of publication, distribution, etc | Nairobi : |
| Name of publisher, distributor, etc | Saleemi Publishers , |
| Date of publication, distribution, etc | 1999 . |
| 300 ## - PHYSICAL DESCRIPTION | |
| Extent | 306 p. |
| 500 ## - GENERAL NOTE | |
| General note | On cover page: Electronic data processing simplified: a text book for K.C.S.E. and other computer courses. |
| 650 ## - SUBJECT ADDED ENTRY--TOPICAL TERM | |
| Topical term or geographic name as entry element | Electronic digital computers. |
| 650 ## - SUBJECT ADDED ENTRY--TOPICAL TERM | |
| Topical term or geographic name as entry element | Electronic data processing. |
| 700 ## - ADDED ENTRY--PERSONAL NAME | |
| Personal name | Owino, Patrick Oduor. |
| 942 ## - ADDED ENTRY ELEMENTS (KOHA) | |
| Source of classification or shelving scheme | |
| Koha item type | Book |
| Withdrawn status | Lost status | Source of classification or shelving scheme | Damaged status | Not for loan | Home library | Current library | Date acquired | Total Checkouts | Total Renewals | Full call number | Barcode | Checked out | Date last seen | Date checked out | Copy number | Price effective from | Koha item type |
|---|---|---|---|---|---|---|---|---|---|---|---|---|---|---|---|---|---|
| Riara University Library | Riara University Library | 14/12/2011 | 2 | 1 | QA 76.5 .S25 1991 | 3161/11 | 19/05/2015 | 16/04/2015 | 16/04/2015 | C.1 | 14/12/2011 | Book | |||||
| Riara University Library | Riara University Library | 14/12/2011 | 1 | QA 76.5 .S25 1991 | 3162/11 | 14/05/2012 | 08/05/2012 | C.2 | 14/12/2011 | Book | |||||||
| Riara University Library | Riara University Library | 14/12/2011 | 1 | QA 76.5 .S25 1991 | 3163/11 | 24/05/2012 | 24/05/2012 | C.3 | 14/12/2011 | Book |
